Name All European Countries - Statistics

General Stats
  • This quiz has been taken 107 times
  • The average score is 36 of 45
Answer Stats
Answer % Correct
Italy
96%
Portugal
96%
Spain
94%
UK
94%
Norway
93%
France
91%
Finland
90%
Germany
90%
Belguim
88%
Russia
88%
Sweden
88%
Albania
87%
Ireland
87%
Austria
85%
Poland
85%
Iceland
84%
Lithuania
84%
Switzerland
84%
Ukraine
84%
Denmark
82%
Netherlands
82%
Slovakia
82%
Slovenia
82%
Greece
81%
Andorra
79%
Bulgaria
79%
Luxembourg
79%
Romania
79%
Serbia
79%
Belarus
78%
Croatia
76%
Hungary
76%
Latvia
75%
North Macedonia
75%
Vatican City
75%
Czechia
73%
Estonia
72%
Montenegro
72%
Liechtenstein
70%
Monaco
70%
San Marino
70%
Kosovo
69%
Malta
67%
Bosnia and Herzegovina
66%
Moldova
66%
No matching quizzes found
Score Distribution
Percent of People with Each Score
Percentile by Number Answered
Your Score History
You have not taken this quiz